Kroužky kvality - jedna z forem participace pracovníků
Krúžky kvality (QC) sú originálnym japonským objavom. Organizácia práce krúžkov. Využitie stimulačného potenciálu krúžkov. Základný model systému krúžku kvality.
Guardado en:
| Autor principal: | |
|---|---|
| Formato: | Capítulo de libro |
| Lenguaje: | checo |
| Materias: | |
| Etiquetas: |
Sin Etiquetas, Sea el primero en etiquetar este registro!
|
MARC
| LEADER | 00000naa a2200000 4500 | ||
|---|---|---|---|
| 001 | r014390 | ||
| 005 | 20221205080259.7 | ||
| 041 | 0 | |a cze | |
| 044 | |a CZ | ||
| 245 | 1 | 0 | |a Kroužky kvality - jedna z forem participace pracovníků |c Zuzana Dvořáková |
| 520 | |a Krúžky kvality (QC) sú originálnym japonským objavom. Organizácia práce krúžkov. Využitie stimulačného potenciálu krúžkov. Základný model systému krúžku kvality. | ||
| 610 | 2 | 0 | |a kvalita |
| 610 | 2 | 0 | |a riadenie kvality |
| 610 | 2 | 0 | |a TQM |
| 610 | 2 | 0 | |a manažment |
| 610 | 2 | 0 | |a riadenie podnikové |
| 610 | 2 | 0 | |a kvalita výrobkov |
| 610 | 2 | 0 | |a riadenie výroby |
| 610 | 2 | 0 | |a Japonsko |
| 610 | 2 | 0 | |a modely ekonomické |
| 610 | 2 | 0 | |a práca tímová |
| 100 | 1 | |a Dvořáková, Zuzana | |